Canaris (Record no. 45405)

MARC details
000 -LEADER
campo de control de longitud fija 00881nam a2200265 i 4500
001 - NÚMERO DE CONTROL
campo de control 45405
003 - IDENTIFICADOR DE NÚMERO DE CONTROL
campo de control ES-MaACL
005 - FECHA Y HORA DE LA ÚLTIMA TRANSACCIÓN
campo de control 20250824225558.0
007 - CAMPO FIJO DE DESCRIPCIÓN FÍSICA--INFORMACIÓN GENERAL
campo de control de longitud fija t|
008 - DATOS DE LONGITUD FIJA--INFORMACIÓN GENERAL
campo de control de longitud fija 030325s1956 sp ||||1| spa d
080 ## - NÚMERO DE LA CLASIFICACIÓN DECIMAL UNIVERSAL
Número de la Clasificación Decimal Universal 929 Canaris, Wihelm
080 ## - NÚMERO DE LA CLASIFICACIÓN DECIMAL UNIVERSAL
Número de la Clasificación Decimal Universal 355.40(430)"1933/45"
100 1# - ENTRADA PRINCIPAL--NOMBRE DE PERSONA
Nombre de persona Colvin, Ian.
9 (RLIN) 39920
245 10 - MENCIÓN DEL TÍTULO
Título Canaris
Resto del título : jefe del servicio secreto alemán /
Mención de responsabilidad, etc. Ian Colvin ; [traducción directa del inglés por Víctor Scholz].
250 ## - MENCION DE EDICION
Mención de edición 1ª ed.
260 ## - PUBLICACIÓN, DISTRIBUCIÓN, ETC.
Lugar de publicación, distribución, etc. Barcelona :
Nombre del editor, distribuidor, etc. A.H.R.,
Fecha de publicación, distribución, etc. [1956] (
Fabricante García)
300 ## - DESCRIPCIÓN FÍSICA
Extensión 331 p. ;
Dimensiones 21 cm.
490 1# - MENCIÓN DE SERIE
Mención de serie Libros que hacen historia
600 14 - PUNTO DE ACCESO ADICIONAL DE MATERIA--NOMBRE DE PERSONA
Nombre de persona Canaris, Wilhelm (
Fechas asociadas al nombre 1887-1945)
9 (RLIN) 173483
650 #4 - PUNTO DE ACCESO ADICIONAL DE MATERIA--TÉRMINO DE MATERIA
Término de materia o nombre geográfico como elemento de entrada Servicios de inteligencia-
Subdivisión geográfica Alemania.
9 (RLIN) 173482
700 1# - ENTRADA AGREGADA--NOMBRE PERSONAL
Nombre de persona Scholz, Víctor.
9 (RLIN) 104643
830 10 - PUNTO DE ACCESO ADICIONAL DE SERIE-TÍTULO UNIFORME
Título uniforme Libros que hacen historia (AHR)
9 (RLIN) 182055
852 ## - LOCALIZACIÓN
Ubicación ES-MaACL
Número de control de estantería C-10943
Holdings
Estatus retirado Estado de pérdida Estado de daño No para préstamo Biblioteca de origen Biblioteca actual Ubicación en estantería Fecha de adquisición Fuente de adquisición Total de préstamos Signatura topográfica completa Código de barras Visto por última vez Precio de reemplazo Tipo de ítem Koha
        Biblioteca del Ateneo de Madrid Biblioteca del Ateneo de Madrid Sala Palomar 17/01/2008     C-10943 1047775 23/02/2023 23/02/2023 Libro impreso